000 00991nas a2200277Ia 4500
001 R017/44073
003 IT-RoPAU
008 151124c99999999xx |||||||||||| ||und||
040 _aIT-RoPAU
040 _cIT-RoPAU
041 _aITALIANO
100 _aMora Teo
_gCodice Aut. SPICS: 21457
210 _aFILMCRITICA
222 _aFilmcritica
245 _aFILMCRITICA, ANNO 37-N.368 (OTTOBRE 1986)
_bConversazione Con Lamberto Bava
250 _a1a ed.
260 _aMONTEPULCIANO
_bEDITORI DEL GRIFO
_c1986
501 _bPaulus - SPICS - Società San Paolo EM (non-commercial uses only)
_cCopyright2015
300 _a10 p. [485-494]
362 _aANNO 037, N.368 (OTTOBRE 1986)
500 _aIntervista al Regista Cinematografico Sulla Sua Esperienza Filmica Nei Vari Generi in Cui Si è Avventurato Come Regista. Note Sul Film Demoni 1 e Demoni 2.
650 _aCINEMA
_vPUBBLICAZIONE PERIODICA
700 _aFoco Franco
700 _gCodice Aut. SPICS: 21920
942 _cCR
999 _c163309
_d163309